000 00945 a2200169 4500
003 Nust
005 20221202112314.0
040 _cNust
082 _a539.7,GRE
100 _aGreen, Dr. Alex E. S.
_9103994
245 _aNuclear physics /
_cDr. Alex E. S. Green
260 _aLondon
_bMcGraw-Hill
_c1955
300 _axv, 535 p.
505 _aRelativistic Dynamics And Review Of Atomic Physics (Page-1), Static Properties Of Nuclei (Page-35), Accelerators (Page-59), Precision Instruments And Methods (Page-91), Detectors And Nuclear Techniques (Page-124), Radioactivity (Page-175), Nuclear Reactions (Page-205), Systematic And Tendencies Of Nuclei (Page-244), Liquid Drop Model And Fission (Page-281), Quantum Mechanics And The Nucleaus (Page-317), Nuclear Periodic Table (Page-356), Nuclear Decay (Page-390), Theory Of Nuclear Reactions (Page-433), Nuclear Forces (Page-474).
650 _aNuclear physics
_9259
942 _2ddc
_cBK
_k539.7,GRE
999 _c184473
_d184473